[Event "14th EUR-ch"]
[Site "Minsk BLR"]
[Date "2017.06.05"]
[Round "6.27"]
[White "Berkes, Ferenc"]
[Black "Deac, Bogdan-Daniel"]
[Result "1/2-1/2"]
[WhiteElo "2654"]
[BlackElo "2572"]
[EventDate "2017.05.30"]
[PlyCount "87"]

1.d4 Nf6 2.c4 e6 3.Nf3 d5 4.Nc3 Bb4 5.e3 O-O 6.Bd2 c6 7.Bd3 a6 8.O-O dxc4 
9.Bxc4 b5 10.Bd3 c5 11.a3 cxd4 12.axb4 dxc3 13.Bxc3 Bb7 14.Ne5 Nd5 15.Qc2 
Qh4 16.Rfd1 Rc8 17.Be4 Nxe3 18.Bxh7+ Qxh7 19.Qxh7+ Kxh7 20.fxe3 f6 21.Nf7 
e5 22.Nd6 Rc7 23.Nxb7 Rxb7 24.Rd6 Raa7 25.Kf2 Rd7 26.Rb6 Rab7 27.Rxb7 Rxb7
28.Kf3 Kg6 29.g4 Rd7 30.h4 Rd6 31.g5 Nc6 32.Kg4 Ne7 33.h5+ Kf7 34.e4 fxg5 
35.Kxg5 Ke6 36.Rf1 Rd3 37.Rf8 Rg3+ 38.Kh4 Re3 39.Ra8 Rxe4+ 40.Kg5 Re3 41.
Rxa6+ Kf7 42.Ra7 Ke6 43.Ra6+ Kf7 44.Ra7 1/2-1/2

[Event "14th EUR-ch"]
[Site "Minsk BLR"]
[Date "2017.06.05"]
[Round "6.28"]
[White "Gabuzyan, Hovhannes"]
[Black "Jones, Gawain"]
[Result "0-1"]
[WhiteElo "2570"]
[BlackElo "2654"]
[EventDate "2017.05.30"]
[PlyCount "114"]

1.g3 g6 2.Bg2 Bg7 3.e4 c5 4.Ne2 Nc6 5.O-O Nf6 6.c4 d6 7.d3 Rb8 8.Nbc3 a6 
9.a4 O-O 10.h3 Ne8 11.Be3 e5 12.f4 Nd4 13.Nd5 b5 14.axb5 axb5 15.cxb5 Nc7 
16.Nec3 Nxd5 17.Nxd5 exf4 18.Bxf4 Nxb5 19.h4 Nc7 20.Bg5 f6 21.Bf4 Nxd5 22.
exd5 Rxb2 23.Re1 g5 24.Bc1 Rb7 25.Ra8 Qd7 26.Qe2 Rb1 27.Qe6+ Qxe6 28.dxe6 
Bxe6 29.Rxe6 Rxc1+ 30.Kh2 Rc2 31.Rxf8+ Bxf8 32.Rxf6 Be7 33.Re6 Kf7 34.Rh6 
gxh4 35.Rxh7+ Ke6 36.gxh4 Rd2 37.h5 Bf6 38.h6 Be5+ 39.Kg1 Bd4+ 40.Kh2 Be5+
41.Kg1 Bd4+ 42.Kh2 Rxd3 43.Rc7 Be5+ 44.Kg1 Rd4 45.h7 Rh4 46.Kf1 c4 47.Bb7 
c3 48.Ke2 d5 49.Rc6+ Kf5 50.Rc5 d4 51.Ba6 Kf4 52.Bd3 Rh2+ 53.Kd1 Rd2+ 54.
Kc1 Rxd3 55.Rxe5 Rh3 56.Re8 Rxh7 57.Kc2 Rh2+ 0-1

[Event "14th EUR-ch"]
[Site "Minsk BLR"]
[Date "2017.06.05"]
[Round "6.29"]
[White "Boruchovsky, Avital"]
[Black "Kravtsiv, Martyn"]
[Result "1/2-1/2"]
[WhiteElo "2557"]
[BlackElo "2653"]
[EventDate "2017.05.30"]
[PlyCount "77"]

1.e4 e5 2.Nf3 Nc6 3.Bb5 a6 4.Ba4 Nf6 5.O-O Be7 6.Re1 b5 7.Bb3 d6 8.c3 O-O 
9.h3 Bb7 10.d4 Re8 11.Nbd2 Bf8 12.a3 h6 13.Bc2 Nb8 14.b3 Nbd7 15.Bb2 g6 
16.a4 Bg7 17.axb5 axb5 18.Bd3 Rxa1 19.Qxa1 c6 20.b4 Qc7 21.Qc1 Nh5 22.Bf1 
Ba6 23.c4 bxc4 24.Bxc4 Bxc4 25.Nxc4 exd4 26.Bxd4 Nhf6 27.Bxf6 Nxf6 28.e5 
dxe5 29.Ncxe5 Re6 30.b5 c5 31.Qc4 Ne8 32.Nc6 Rxe1+ 33.Nxe1 Bf8 34.Nd3 Qb6 
35.Nce5 Nd6 36.Qd5 Qxb5 37.Nxc5 Qb1+ 38.Kh2 Qf5 39.Ncd3 1/2-1/2

[Event "14th EUR-ch"]
[Site "Minsk BLR"]
[Date "2017.06.05"]
[Round "6.30"]
[White "Khismatullin, Denis"]
[Black "Chigaev, Maksim"]
[Result "1-0"]
[WhiteElo "2651"]
[BlackElo "2559"]
[EventDate "2017.05.30"]
[PlyCount "111"]

1.Nf3 Nf6 2.c4 b6 3.d4 Bb7 4.g3 g6 5.Bg2 Bg7 6.O-O O-O 7.d5 Ne4 8.Qc2 f5 
9.Nfd2 Nd6 10.Nc3 Na6 11.e4 e6 12.exf5 gxf5 13.Rb1 Nb4 14.Qd1 Nd3 15.Nb3 
Nxc1 16.Rxc1 e5 17.c5 bxc5 18.Nxc5 Bc8 19.b4 Rb8 20.a3 a6 21.Re1 e4 22.g4 
Kh8 23.gxf5 Nxf5 24.N3xe4 Rb6 25.Ng3 Nh4 26.Rc4 Nxg2 27.Kxg2 Rbf6 28.Re2 
Rf3 29.Qc2 Rxa3 30.f4 Qf6 31.Nce4 Qxf4 32.Rf2 Rf3 33.Rxc7 Rxf2+ 34.Nxf2 
Qf3+ 35.Kf1 Bb7 36.Rxb7 Bd4 37.Rxd7 Qxf2+ 38.Qxf2 Rxf2+ 39.Ke1 Rf8 40.Ke2 
Be5 41.Kd3 Rb8 42.Kc4 Rc8+ 43.Kb3 Rc3+ 44.Ka4 Bxg3 45.hxg3 Rxg3 46.Ka5 h5 
47.Kxa6 h4 48.Rf7 h3 49.Rf1 Rg6+ 50.Kb7 Kg7 51.b5 h2 52.Rh1 Rg2 53.b6 Kf6 
54.Kc7 Rc2+ 55.Kd6 Rb2 56.b7 1-0

[Event "14th EUR-ch"]
[Site "Minsk BLR"]
[Date "2017.06.05"]
[Round "6.31"]
[White "Forcen Esteban, Daniel"]
[Black "Volokitin, Andrei"]
[Result "1-0"]
[WhiteElo "2545"]
[BlackElo "2649"]
[EventDate "2017.05.30"]
[PlyCount "91"]

1.e4 c5 2.Nf3 d6 3.d4 cxd4 4.Nxd4 Nf6 5.Nc3 a6 6.Be3 e5 7.Nb3 Be6 8.Qd2 
Nbd7 9.f3 h5 10.Nd5 Bxd5 11.exd5 g6 12.Be2 Qc7 13.Rc1 Bg7 14.O-O h4 15.c4 
b6 16.Na1 a5 17.Nc2 Nh5 18.Rfe1 Nc5 19.b3 f5 20.Bf1 Kf7 21.Na3 f4 22.Bf2 
h3 23.Nb5 Qd7 24.gxh3 Bf6 25.Qc2 Ng7 26.a3 Bh4 27.Bxh4 Rxh4 28.b4 axb4 29.
axb4 Na6 30.Qf2 Qd8 31.Nxd6+ Qxd6 32.Qxh4 Nxb4 33.Ra1 Ra5 34.Rxa5 bxa5 35.
Qf2 Nf5 36.Qa7+ Kf6 37.Qxa5 Nd4 38.Rb1 Nxf3+ 39.Kh1 Nd2 40.Rxb4 Kf5 41.Rb6
Qd8 42.Bd3+ e4 43.d6+ Kf6 44.d7+ Kf7 45.Qd5+ Kg7 46.Qe5+ 1-0

[Event "14th EUR-ch"]
[Site "Minsk BLR"]
[Date "2017.06.05"]
[Round "6.32"]
[White "Sutovsky, Emil"]
[Black "Sadzikowski, Daniel"]
[Result "1-0"]
[WhiteElo "2646"]
[BlackElo "2548"]
[EventDate "2017.05.30"]
[PlyCount "75"]

1.e4 e5 2.Nf3 Nc6 3.Bb5 a6 4.Ba4 Nf6 5.O-O Be7 6.Re1 b5 7.Bb3 d6 8.c3 O-O 
9.h3 Na5 10.Bc2 c5 11.d4 Nd7 12.a4 Bb7 13.d5 Qc7 14.b4 Nc4 15.Nfd2 Nxd2 
16.Bxd2 bxa4 17.Bxa4 c4 18.Bxd7 Qxd7 19.Na3 Rac8 20.Qe2 Qc7 21.b5 f5 22.
Reb1 fxe4 23.Qxe4 axb5 24.Be3 Qd7 25.Nxb5 Qe6 26.Nc7 Rxc7 27.Rxb7 Qd7 28.
Rxc7 Qxc7 29.Ra7 Qd8 30.Qg4 Kh8 31.Rd7 Qe8 32.Qe6 Bf6 33.Qxe8 Rxe8 34.Rxd6
e4 35.Rc6 Bxc3 36.Bb6 Bf6 37.Rxf6 gxf6 38.d6 1-0

[Event "14th EUR-ch"]
[Site "Minsk BLR"]
[Date "2017.06.05"]
[Round "6.33"]
[White "Alonso Rosell, Alvar"]
[Black "Lysyj, Igor"]
[Result "1/2-1/2"]
[WhiteElo "2536"]
[BlackElo "2643"]
[EventDate "2017.05.30"]
[PlyCount "117"]

1.d4 Nf6 2.c4 e6 3.g3 Bb4+ 4.Nd2 c5 5.a3 Bxd2+ 6.Qxd2 Nc6 7.dxc5 Ne4 8.Qc2
Qa5+ 9.Bd2 Nxd2 10.Qxd2 Qxc5 11.Rc1 a5 12.Bg2 O-O 13.Nf3 b5 14.cxb5 Qxb5 
15.O-O d5 16.e4 dxe4 17.Ng5 Bb7 18.Nxe4 Rad8 19.Qg5 Qxg5 20.Nxg5 h6 21.
Nxe6 fxe6 22.Bxc6 Bxc6 23.Rxc6 Rd2 24.Rxe6 Rxb2 25.Re5 Rf3 26.Rxa5 Ra2 27.
a4 Rfa3 28.Rd1 Rxa4 29.Rd8+ Kh7 30.Rf5 Ra8 31.Rd7 R2a7 32.Rdd5 Kg8 33.Kg2 
Rf7 34.g4 Rxf5 35.Rxf5 Ra4 36.Kg3 Ra3+ 37.Rf3 Ra5 38.Rf5 Ra3+ 39.f3 g6 40.
Rb5 g5 41.Rf5 Kg7 42.Re5 Kf6 43.Rb5 Kg6 44.Rb6+ Kg7 45.Re6 Rb3 46.Kf2 Rb2+
47.Re2 Rb1 48.Re3 Kf6 49.Kg2 Ra1 50.Rb3 Kg6 51.Rb6+ Kg7 52.Rb7+ Kg6 53.
Rb6+ Kg7 54.h4 gxh4 55.Rb5 Kg6 56.Rh5 Ra2+ 57.Kh3 Ra3 58.Rf5 h5 59.Kxh4 
1/2-1/2

[Event "14th EUR-ch"]
[Site "Minsk BLR"]
[Date "2017.06.05"]
[Round "6.34"]
[White "Lenic, Luka"]
[Black "Petrosyan, Manuel"]
[Result "1/2-1/2"]
[WhiteElo "2641"]
[BlackElo "2546"]
[EventDate "2017.05.30"]
[PlyCount "85"]

1.d4 Nf6 2.c4 e6 3.Nf3 d5 4.Nc3 Bb4 5.e3 O-O 6.Bd3 b6 7.O-O c5 8.cxd5 exd5
9.dxc5 bxc5 10.Ne2 Nc6 11.b3 Bg4 12.Bb2 d4 13.Ng3 Nd5 14.h3 Bc3 15.hxg4 
Bxb2 16.Rb1 Ba3 17.exd4 Nc3 18.Bxh7+ Kh8 19.Qd3 Nxb1 20.Be4 Nxd4 21.Rxb1 
Rc8 22.Ne5 Qg5 23.Nc4 Bc1 24.Nf5 Nxf5 25.Bxf5 Rc6 26.Ne5 Rf6 27.Nf3 Qh6 
28.Qc3 Bf4 29.Re1 Rc6 30.Qc4 Kg8 31.Bc2 g6 32.g3 Bd6 33.Kg2 Qg7 34.Qd5 
Rfc8 35.Bd3 Bf8 36.Bc4 R6c7 37.Ng5 Qf6 38.Ne4 Qc6 39.Qg5 Bg7 40.Bd5 Qa6 
41.Qf4 Rd7 42.Rd1 Bd4 43.Bc4 1/2-1/2

[Event "14th EUR-ch"]
[Site "Minsk BLR"]
[Date "2017.06.05"]
[Round "6.35"]
[White "Teterev, Vitaly"]
[Black "Ivanisevic, Ivan"]
[Result "0-1"]
[WhiteElo "2487"]
[BlackElo "2638"]
[EventDate "2017.05.30"]
[PlyCount "64"]

1.Nf3 d5 2.g3 g6 3.Bg2 Bg7 4.d4 Nh6 5.c4 dxc4 6.Qa4+ c6 7.Qxc4 Nf5 8.e3 b6
9.Qa4 Ba6 10.g4 Nd6 11.Ne5 O-O 12.Nc3 Qc8 13.h3 Bb7 14.O-O c5 15.Nd5 Qd8 
16.Rd1 e6 17.Nf4 Bxg2 18.Kxg2 Qc7 19.dxc5 bxc5 20.Nc4 Nxc4 21.Qxc4 Qb7+ 
22.f3 Nc6 23.Nd3 Na5 24.Qxc5 Qa6 25.Rb1 Rac8 26.Qa3 Rfd8 27.b4 Rc2+ 28.Kg3
Qd6+ 29.f4 Qc6 30.Rd2 Rxd2 31.Bxd2 Nc4 32.Rc1 Qd5 0-1

[Event "14th EUR-ch"]
[Site "Minsk BLR"]
[Date "2017.06.05"]
[Round "6.36"]
[White "Girya, Olga"]
[Black "Romanov, Evgeny"]
[Result "1/2-1/2"]
[WhiteElo "2476"]
[BlackElo "2636"]
[EventDate "2017.05.30"]
[PlyCount "133"]

1.d4 d6 2.Nf3 g6 3.e4 Bg7 4.c3 Nf6 5.Bd3 O-O 6.O-O Nc6 7.Re1 e5 8.h3 h6 9.
Na3 Re8 10.Nc2 Nh5 11.b4 Qf6 12.b5 Ne7 13.Bb2 exd4 14.cxd4 Nf4 15.Bf1 g5 
16.Ne3 Qg6 17.Rc1 c5 18.Qd2 b6 19.dxc5 Bxb2 20.Qxb2 dxc5 21.Rcd1 Be6 22.
Bc4 Bxc4 23.Nxc4 Rad8 24.Qb3 Qe6 25.Nfe5 Rxd1 26.Rxd1 Ne2+ 27.Kh1 Nd4 28.
Qa4 f6 29.Ng4 h5 30.Nge3 g4 31.h4 f5 32.exf5 Qf6 33.Qxa7 Qxh4+ 34.Kg1 Ne2+
35.Kf1 Nc3 36.Ke1 Ne4 37.Ke2 Nc3+ 38.Kd2 Nxd1 39.Qd7 Kf8 40.Kxd1 Qf6 41.
Kc2 Ra8 42.a3 h4 43.Kb3 h3 44.Nxg4 Qxf5 45.Qxf5+ Nxf5 46.gxh3 Nd4+ 47.Kb2 
Nxb5 48.Nxb6 Rxa3 49.Nd7+ Ke7 50.Nxc5 Rxh3 51.Ne3 Rh8 52.Ne4 Rc8 53.Nd5+ 
Ke6 54.Nec3 Nd4 55.Kc1 Rf8 56.f4 Rh8 57.Kd2 Rh3 58.Ne3 Nf5 59.Nxf5 Kxf5 
60.Kc2 Kxf4 61.Kb3 Ke5 62.Kc4 Rg3 63.Nd5 Rg4+ 64.Kc5 Rg1 65.Nc3 Rg8 66.Kc4
Rd8 67.Nb5 1/2-1/2

[Event "14th EUR-ch"]
[Site "Minsk BLR"]
[Date "2017.06.05"]
[Round "6.37"]
[White "Lupulescu, Constantin"]
[Black "Sviridov, Valery"]
[Result "1-0"]
[WhiteElo "2631"]
[BlackElo "2504"]
[EventDate "2017.05.30"]
[PlyCount "85"]

1.e4 Nf6 2.e5 Nd5 3.d4 d6 4.Nf3 g6 5.Bc4 Nb6 6.Bb3 Bg7 7.Ng5 e6 8.Qf3 Qe7 
9.Ne4 dxe5 10.dxe5 N8d7 11.Bg5 Qb4+ 12.Nbc3 Bxe5 13.O-O-O f5 14.Bxe6 h6 
15.a3 Qf8 16.Be3 fxe4 17.Qxe4 Qf6 18.Bxd7+ Bxd7 19.f4 O-O-O 20.fxe5 Qe6 
21.Bxb6 Bc6 22.Qe2 axb6 23.Rxd8+ Rxd8 24.Re1 Rf8 25.b3 g5 26.Kb2 Kb8 27.g3
Kc8 28.Nb5 Rd8 29.Na7+ Kb8 30.Nxc6+ bxc6 31.Qf3 Re8 32.g4 Kb7 33.Qf5 Qd5 
34.Qe4 Qxe4 35.Rxe4 Kc8 36.e6 Kd8 37.e7+ Rxe7 38.Rxe7 Kxe7 39.Kc3 Kd6 40.
Kd4 c5+ 41.Ke4 Ke6 42.a4 c6 43.c3 1-0

[Event "14th EUR-ch"]
[Site "Minsk BLR"]
[Date "2017.06.05"]
[Round "6.38"]
[White "Salgado Lopez, Ivan"]
[Black "Moskalenko, Alexander"]
[Result "1-0"]
[WhiteElo "2627"]
[BlackElo "2514"]
[EventDate "2017.05.30"]
[PlyCount "67"]

1.e4 c6 2.d4 d5 3.e5 Bf5 4.Nc3 e6 5.g4 Bg6 6.Nge2 Ne7 7.h4 h5 8.Nf4 hxg4 
9.Nxg6 Nxg6 10.h5 c5 11.Qxg4 cxd4 12.Qxd4 a6 13.Qg4 Nxe5 14.Qg3 Qf6 15.Be2
Be7 16.Be3 Nbc6 17.O-O-O b5 18.Rxd5 exd5 19.Nxd5 Qd6 20.Rd1 O-O 21.Rg1 g6 
22.Nf4 Nd4 23.Bxd4 Qxd4 24.hxg6 Bf6 25.Rd1 Nd3+ 26.Nxd3 Bg7 27.Bg4 f5 28.
Qh2 Rf6 29.Bf3 Rd8 30.Nc5 Qxd1+ 31.Bxd1 Rxg6 32.Nd3 Rc6 33.Kb1 Bh6 34.Qg2+
1-0

[Event "14th EUR-ch"]
[Site "Minsk BLR"]
[Date "2017.06.05"]
[Round "6.39"]
[White "Usmanov, Vasily"]
[Black "Popov, Ivan"]
[Result "1/2-1/2"]
[WhiteElo "2443"]
[BlackElo "2618"]
[EventDate "2017.05.30"]
[PlyCount "61"]

1.d4 e6 2.e4 d5 3.Nc3 Nf6 4.Bg5 dxe4 5.Nxe4 Be7 6.Bxf6 Bxf6 7.Nf3 O-O 8.
Bd3 Bxd4 9.c3 Bb6 10.Qe2 f6 11.O-O-O Qe7 12.g4 Bd7 13.Rhg1 Ba4 14.Rd2 Nd7 
15.g5 f5 16.Ng3 Rae8 17.Re1 Bc6 18.Bxf5 Nc5 19.Nd4 Qxg5 20.Nxc6 bxc6 21.
Bc2 Rd8 22.Rf1 Rd5 23.b4 Rfd8 24.f4 Rxd2 25.Qxd2 Qe7 26.Qe2 Nd7 27.f5 e5 
28.Rd1 Nf6 29.Rxd8+ Qxd8 30.Qxe5 Qd6 31.Qxd6 1/2-1/2

[Event "14th EUR-ch"]
[Site "Minsk BLR"]
[Date "2017.06.05"]
[Round "6.40"]
[White "Banusz, Tamas"]
[Black "Hamitevici, Vladimir"]
[Result "1/2-1/2"]
[WhiteElo "2616"]
[BlackElo "2487"]
[EventDate "2017.05.30"]
[PlyCount "118"]

1.d4 Nf6 2.Bf4 e6 3.Nf3 b6 4.e3 Bb7 5.Nbd2 Be7 6.h3 c5 7.c3 Ne4 8.Nxe4 
Bxe4 9.Nd2 Bg6 10.Nc4 cxd4 11.exd4 O-O 12.Be2 d5 13.Ne5 Be4 14.Nf3 f6 15.
O-O Bd6 16.Be3 Nc6 17.Rc1 Ne7 18.Nd2 Bg6 19.c4 Rc8 20.Qb3 Bb8 21.Rfe1 Qd6 
22.Nf1 Be4 23.Rc3 Kf7 24.f3 dxc4 25.Bxc4 Bd5 26.Bxd5 Nxd5 27.Rxc8 Rxc8 28.
Bf2 Qb4 29.Qd3 f5 30.Ne3 Nxe3 31.Qxe3 Qc4 32.b3 Qd5 33.Rc1 Rc6 34.Rc3 Qd6 
35.Kf1 Qc7 36.Be1 Rxc3 37.Bxc3 Qc6 38.Qd3 b5 39.Ke2 Bc7 40.Bd2 Qd7 41.Bb4 
Bd8 42.Bc5 a6 43.Qd2 Qc7 44.Kd1 h6 45.Kc2 Bg5 46.Qe1 Qh2 47.Qf1 Qf4 48.Qe1
h5 49.a4 bxa4 50.bxa4 Qc7 51.Qe2 Qc6 52.Qc4 Ke8 53.Kd3 Kd7 54.Qb3 Bd8 55.
Qb8 g5 56.Qe5 h4 57.Bb4 Qd5 58.Qxd5+ exd5 59.Bd2 f4 1/2-1/2

[Event "14th EUR-ch"]
[Site "Minsk BLR"]
[Date "2017.06.05"]
[Round "6.41"]
[White "Erdos, Viktor"]
[Black "Matinian, Nikita"]
[Result "1-0"]
[WhiteElo "2614"]
[BlackElo "2491"]
[EventDate "2017.05.30"]
[PlyCount "57"]

1.Nf3 Nf6 2.c4 g6 3.Nc3 d5 4.cxd5 Nxd5 5.Qb3 Nb6 6.d4 Bg7 7.Bf4 Be6 8.Qa3 
O-O 9.e4 c6 10.Rd1 N8d7 11.Ng5 Bc4 12.Bxc4 Nxc4 13.Qb3 b5 14.e5 Ndb6 15.
O-O Nd5 16.Bc1 Nc7 17.Rfe1 f6 18.Nf3 Kh8 19.Qc2 Rc8 20.h4 Qd7 21.Ne4 Ne6 
22.Nc5 Nxc5 23.dxc5 Qc7 24.h5 gxh5 25.b3 Na5 26.Nd4 Qb7 27.Ne6 Rg8 28.Qf5 
b4 29.Bb2 1-0

[Event "14th EUR-ch"]
[Site "Minsk BLR"]
[Date "2017.06.05"]
[Round "6.42"]
[White "Hracek, Zbynek"]
[Black "Pavlov, Sergey"]
[Result "1-0"]
[WhiteElo "2612"]
[BlackElo "2432"]
[EventDate "2017.05.30"]
[PlyCount "81"]

1.e4 Nf6 2.e5 Nd5 3.d4 d6 4.Nf3 dxe5 5.Nxe5 c6 6.Be2 Bf5 7.O-O Nd7 8.Nf3 
e6 9.c4 N5f6 10.Nh4 Bxb1 11.Rxb1 Bd6 12.g3 O-O 13.Be3 Re8 14.Qc2 a5 15.
Rfd1 Qc7 16.Nf3 h6 17.a3 a4 18.c5 Bf8 19.Bf4 Qc8 20.Bc4 Nd5 21.Bd2 e5 22.
Rbc1 e4 23.Nh4 N7f6 24.Re1 Qh3 25.Bf1 Qd7 26.Rcd1 Be7 27.f3 exf3 28.Nxf3 
Qg4 29.Qd3 Bf8 30.Ne5 Qh5 31.Kg2 Rxe5 32.dxe5 Ng4 33.h3 Nxe5 34.Qe4 f6 35.
Bf4 Re8 36.Be2 Qf7 37.Bc4 Kh8 38.Bxd5 cxd5 39.Qxd5 Qc7 40.Bxe5 fxe5 41.Qd7
1-0

[Event "14th EUR-ch"]
[Site "Minsk BLR"]
[Date "2017.06.05"]
[Round "6.43"]
[White "Mista, Aleksander"]
[Black "Mikaelyan, Arman"]
[Result "0-1"]
[WhiteElo "2606"]
[BlackElo "2444"]
[EventDate "2017.05.30"]
[PlyCount "92"]

1.e4 e5 2.Nf3 Nc6 3.Bb5 a6 4.Ba4 Nf6 5.O-O Be7 6.Re1 b5 7.Bb3 d6 8.c3 O-O 
9.h3 Bb7 10.d4 Nd7 11.Nbd2 Bf6 12.Nf1 exd4 13.cxd4 Na5 14.Bc2 Re8 15.Rb1 
c5 16.d5 Nc4 17.b3 Nce5 18.N3h2 Ng6 19.Ng3 Bc8 20.Ng4 Bc3 21.Rf1 Nb6 22.
Ne3 a5 23.f4 b4 24.Bb2 Bxb2 25.Rxb2 Qf6 26.e5 Nxe5 27.fxe5 Qxe5 28.Kh2 Ba6
29.Bxh7+ Kxh7 30.Rxf7 Rf8 31.Rbf2 Rxf7 32.Rxf7 Kg8 33.Qf3 Be2 34.Qf2 Bd3 
35.Rb7 Rf8 36.Qd2 Nxd5 37.Ng4 Qd4 38.Qg5 Nf4 39.Nh6+ Kh8 40.Nf7+ Kg8 41.
Nxd6 Nxg2 42.Qe7 Nh4 43.Nge4 Qb2+ 44.Kg3 Qg2+ 45.Kxh4 Rf4+ 46.Kh5 Be2# 0-1

[Event "14th EUR-ch"]
[Site "Minsk BLR"]
[Date "2017.06.05"]
[Round "6.44"]
[White "Yakovenko, Dmitry"]
[Black "Baron, Tal"]
[Result "1-0"]
[WhiteElo "2718"]
[BlackElo "2540"]
[EventDate "2017.05.30"]
[PlyCount "69"]

1.e4 c5 2.Nf3 Nc6 3.Bb5 g6 4.Bxc6 bxc6 5.O-O Bg7 6.Re1 Nh6 7.c3 O-O 8.h3 
f5 9.e5 Nf7 10.d3 Ba6 11.c4 d6 12.e6 Ne5 13.Nxe5 Bxe5 14.Nd2 Bg7 15.Nf3 h6
16.Rb1 Bc8 17.b3 Rf6 18.d4 cxd4 19.Nxd4 c5 20.Ne2 Bxe6 21.Bb2 Rf8 22.Nf4 
Bf7 23.Ne6 Bxe6 24.Rxe6 Bf6 25.Bxf6 Rxf6 26.Rxf6 exf6 27.Qd5+ Kf8 28.Re1 
Rb8 29.Re6 Rb6 30.b4 Rxb4 31.Rxd6 Rb1+ 32.Kh2 Qc7 33.g3 Rb2 34.Rd7 Rxf2+ 
35.Kh1 1-0

[Event "14th EUR-ch"]
[Site "Minsk BLR"]
[Date "2017.06.05"]
[Round "6.45"]
[White "Steinberg, Nitzan"]
[Black "Jobava, Baadur"]
[Result "0-1"]
[WhiteElo "2532"]
[BlackElo "2713"]
[EventDate "2017.05.30"]
[PlyCount "66"]

1.e4 c6 2.d4 d5 3.e5 Bf5 4.Nf3 e6 5.Be2 f6 6.O-O fxe5 7.dxe5 Bc5 8.Nbd2 
Ne7 9.Nb3 Bb6 10.c4 Nd7 11.Bf4 O-O 12.Bg3 Nc5 13.Nfd4 Ne4 14.Rc1 a5 15.c5 
a4 16.cxb6 axb3 17.Bh4 g5 18.f3 gxh4 19.fxe4 Qxb6 20.exf5 Nxf5 21.Rf4 bxa2
22.Ra1 Rf7 23.Qb3 Qa7 24.Qc3 Raf8 25.Kh1 Nxd4 26.Rxd4 Rf2 27.Bd3 R8f7 28.
h3 h5 29.Rxh4 Rxg2 30.Kxg2 Qf2+ 31.Kh1 Qxh4 32.Bc2 Qf2 33.Qd3 Rg7 0-1

[Event "14th EUR-ch"]
[Site "Minsk BLR"]
[Date "2017.06.05"]
[Round "6.46"]
[White "Ponomariov, Ruslan"]
[Black "Macieja, Bartlomiej"]
[Result "1-0"]
[WhiteElo "2712"]
[BlackElo "2530"]
[EventDate "2017.05.30"]
[PlyCount "69"]

1.d4 Nf6 2.c4 e6 3.Nc3 Bb4 4.e3 O-O 5.Bd3 c5 6.Nf3 d5 7.O-O cxd4 8.exd4 
dxc4 9.Bxc4 b6 10.Bg5 Bb7 11.Qe2 Bxc3 12.bxc3 Nbd7 13.Rac1 Qc7 14.Nd2 h6 
15.Bh4 a6 16.Bb3 b5 17.f3 Bd5 18.Ne4 Nh5 19.Be7 Rfe8 20.Ba3 Nhf6 21.Rfe1 
Qa5 22.Qb2 Qb6 23.Qd2 Qa5 24.Bd6 Qb6 25.Bf4 Rec8 26.Nxf6+ Nxf6 27.Bxh6 
Bxb3 28.axb3 gxh6 29.Qxh6 Nh7 30.Re4 f5 31.Rxe6 Qb7 32.Rce1 Rc7 33.Re8+ 
Rxe8 34.Rxe8+ Kf7 35.Qe6+ 1-0

[Event "14th EUR-ch"]
[Site "Minsk BLR"]
[Date "2017.06.05"]
[Round "6.47"]
[White "Ladva, Ottomar"]
[Black "Leko, Peter"]
[Result "1/2-1/2"]
[WhiteElo "2530"]
[BlackElo "2703"]
[EventDate "2017.05.30"]
[PlyCount "49"]

1.d4 Nf6 2.c4 e6 3.Nf3 b6 4.g3 Ba6 5.b3 Bb4+ 6.Bd2 Be7 7.Bg2 d5 8.cxd5 
exd5 9.Nc3 O-O 10.O-O Re8 11.Ne5 Bb7 12.Qc2 Nbd7 13.Rad1 h6 14.Qf5 Nf8 15.
e4 dxe4 16.Nxe4 Bxe4 17.Bxe4 Nxe4 18.Qxe4 Bd6 19.Qf3 Qe7 20.Rfe1 Bxe5 21.
Rxe5 Qd7 22.Rd5 Qe7 23.Re5 Qd7 24.Rd5 Qe7 25.Re5 1/2-1/2

[Event "14th EUR-ch"]
[Site "Minsk BLR"]
[Date "2017.06.05"]
[Round "6.48"]
[White "Plat, Vojtech"]
[Black "Movsesian, Sergei"]
[Result "0-1"]
[WhiteElo "2522"]
[BlackElo "2680"]
[EventDate "2017.05.30"]
[PlyCount "80"]

1.e4 c5 2.Nf3 Nc6 3.d4 cxd4 4.Nxd4 Qb6 5.Nb3 Nf6 6.Nc3 e6 7.Be3 Qc7 8.a3 
a6 9.f4 d6 10.Be2 Be7 11.O-O O-O 12.Qe1 b5 13.Nd4 Bb7 14.Qg3 Kh8 15.Nxc6 
Bxc6 16.Bd4 Rad8 17.Bf3 Rg8 18.Rad1 Nd7 19.Bh5 Rdf8 20.e5 dxe5 21.fxe5 f6 
22.Bg6 Nxe5 23.Bxe5 fxe5 24.Bxh7 Kxh7 25.Qh3+ Kg6 26.Qxe6+ Kg5 27.h4+ Kh5 
28.Ne2 g6 29.Ng3+ Kh6 30.Nf5+ Rxf5 31.Rxf5 Re8 32.Qxe5 Qa7+ 33.Kh2 gxf5 
34.Qe6+ Kg7 35.Qxc6 Rh8 36.Qc3+ Bf6 37.Qg3+ Kf8 38.Qd6+ Be7 39.Qe5 Rxh4+ 
40.Kg3 Rh5 0-1

[Event "14th EUR-ch"]
[Site "Minsk BLR"]
[Date "2017.06.05"]
[Round "6.49"]
[White "Ragger, Markus"]
[Black "Gorovets, Andrey"]
[Result "1/2-1/2"]
[WhiteElo "2680"]
[BlackElo "2524"]
[EventDate "2017.05.30"]
[PlyCount "166"]

1.e4 d5 2.exd5 Qxd5 3.Nc3 Qa5 4.g3 Nf6 5.Bg2 c6 6.Nf3 Bg4 7.h3 Bxf3 8.Qxf3
e6 9.O-O Be7 10.Nd1 O-O 11.Ne3 Rd8 12.Nc4 Qc7 13.a4 a5 14.Re1 Nbd7 15.d4 
Nd5 16.Qe2 Bb4 17.c3 Bf8 18.h4 h6 19.Ne5 Nxe5 20.dxe5 Bc5 21.Be4 f5 22.Bc2
Qb6 23.Rf1 Rd7 24.Qh5 Qd8 25.Rd1 Qe8 26.Qxe8+ Rxe8 27.Kf1 Red8 28.h5 Kf7 
29.Ke2 Ne7 30.Rxd7 Rxd7 31.Bb3 Rd8 32.Bf4 g5 33.hxg6+ Nxg6 34.Bxh6 Rh8 35.
Bf4 Nxf4+ 36.gxf4 Rh2 37.Rf1 b5 38.Kf3 Rh3+ 39.Kg2 Rh8 40.Kg3 Rg8+ 41.Kf3 
Rb8 42.Rb1 Rh8 43.Rd1 Ke7 44.Rg1 Rh3+ 45.Ke2 Kf7 46.Rd1 Ke7 47.Rg1 Kf7 48.
axb5 cxb5 49.Bc2 b4 50.cxb4 axb4 51.Rd1 b3 52.Bd3 Rh2 53.Rf1 Bd4 54.Bc4 
Rh4 55.Bxb3 Rxf4 56.f3 Bxb2 57.Rh1 Rb4 58.Ba2 Bxe5 59.Kd3 Rb2 60.Bc4 Bf4 
61.Re1 Rd2+ 62.Kc3 Rd6 63.Re2 Kf6 64.Ra2 Be5+ 65.Kc2 Rd4 66.Bb3 Bd6 67.Ra4
Bb4 68.Ra6 Rd2+ 69.Kc1 Re2 70.Bc4 Re1+ 71.Kc2 Re3 72.Kd1 Bc3 73.Ra3 Re1+ 
74.Kc2 Bd4 75.Kd2 Re5 76.Ra6 Bf2 77.Bb3 Bg3 78.Bc4 Bf4+ 79.Kd1 Re3 80.Rb6 
Ke7 81.Rb3 Re5 82.Rb5 Re3 83.Rb3 Re5 1/2-1/2

[Event "14th EUR-ch"]
[Site "Minsk BLR"]
[Date "2017.06.05"]
[Round "6.50"]
[White "Moiseenko, Alexander"]
[Black "Gabrielian, Artur"]
[Result "1-0"]
[WhiteElo "2677"]
[BlackElo "2525"]
[EventDate "2017.05.30"]
[PlyCount "109"]

1.d4 Nf6 2.c4 c5 3.d5 e6 4.Nc3 exd5 5.cxd5 d6 6.e4 g6 7.f4 Bg7 8.Bb5+ Nfd7
9.a4 Qh4+ 10.g3 Qe7 11.Nf3 O-O 12.O-O a6 13.Bd3 Nf6 14.e5 Ne8 15.f5 dxe5 
16.Bg5 Qc7 17.Nd2 Nd6 18.Nc4 Bxf5 19.Nxd6 Bxd3 20.Qxd3 Qxd6 21.Ne4 Qc7 22.
d6 Qc6 23.Be7 c4 24.Qf3 Nd7 25.Bxf8 Rxf8 26.Rad1 f5 27.Ng5 e4 28.Qe2 Re8 
29.g4 h6 30.Nh3 fxg4 31.Qxg4 Ne5 32.Qg2 Nf3+ 33.Kh1 Nh4 34.Qd2 Nf5 35.d7 
Rd8 36.Nf4 e3+ 37.Qd5+ Qxd5+ 38.Rxd5 Kf7 39.Rb1 Bf6 40.Kg2 Bg5 41.Kf3 b5 
42.axb5 axb5 43.Ke4 b4 44.Rbd1 c3 45.bxc3 bxc3 46.Ne2 Bf6 47.Rc5 Ke7 48.
Rc6 h5 49.Nf4 e2 50.Nxe2 c2 51.Rd3 Kf7 52.Rxc2 Bg5 53.Rc8 Ke6 54.Nf4+ Kf7 
55.Nxh5 1-0

[Event "14th EUR-ch"]
[Site "Minsk BLR"]
[Date "2017.06.05"]
[Round "6.51"]
[White "Mastrovasilis, Athanasios"]
[Black "Motylev, Alexander"]
[Result "0-1"]
[WhiteElo "2512"]
[BlackElo "2665"]
[EventDate "2017.05.30"]
[PlyCount "142"]

1.Nf3 d5 2.g3 c6 3.Bg2 Bf5 4.O-O e6 5.d3 Nf6 6.c4 dxc4 7.dxc4 Nbd7 8.Nc3 
h6 9.Bf4 Be7 10.Qc1 Qa5 11.Rd1 e5 12.Bd2 Qa6 13.Bf1 Qb6 14.Be1 O-O 15.Nh4 
Be6 16.Qc2 Rfd8 17.Nf5 Bf8 18.b3 a5 19.Ne4 Ng4 20.Nfd6 Qc7 21.h3 Ngf6 22.
Nxf6+ Nxf6 23.Ne4 Nxe4 24.Qxe4 Bb4 25.Qe3 Bxe1 26.Rxe1 Qd6 27.Qb6 Qd4 28.
Qxb7 Qc5 29.Bg2 Rdc8 30.a3 Rab8 31.b4 axb4 32.axb4 Qxc4 33.Qa7 Qxb4 34.
Rec1 c5 35.Ra4 Qd2 36.Rxc5 Qxe2 37.Rxc8+ Rxc8 38.Ra1 g5 39.Qa5 Rc2 40.Qe1 
Kg7 41.Bf1 Qxe1 42.Rxe1 Rc5 43.f3 f5 44.f4 e4 45.Kf2 Kf6 46.Re3 Ra5 47.Rc3
Ra2+ 48.Be2 Ke7 49.Ke3 Kd6 50.Kf2 Ra1 51.h4 gxf4 52.gxf4 Rh1 53.h5 Rh2+ 
54.Ke3 Bf7 55.Rc8 Bxh5 56.Bxh5 Rxh5 57.Rd8+ Ke6 58.Re8+ Kf7 59.Ra8 Rh3+ 
60.Kd4 Rb3 61.Ra6 Kg7 62.Rc6 Rb8 63.Ke5 Rf8 64.Rc1 Kg6 65.Rg1+ Kh5 66.Ke6 
Kh4 67.Ke7 Ra8 68.Kf6 Ra5 69.Kg6 h5 70.Kf6 e3 71.Re1 Kg4 0-1

[Event "14th EUR-ch"]
[Site "Minsk BLR"]
[Date "2017.06.05"]
[Round "6.52"]
[White "Zviagintsev, Vadim"]
[Black "Harutyunian, Tigran"]
[Result "1-0"]
[WhiteElo "2661"]
[BlackElo "2523"]
[EventDate "2017.05.30"]
[PlyCount "105"]

1.e4 e5 2.Nf3 Nc6 3.d4 exd4 4.Nxd4 Bc5 5.Nxc6 Qf6 6.Qf3 bxc6 7.Nc3 Qxf3 8.
gxf3 Ne7 9.Be3 Bb6 10.O-O-O d6 11.h4 O-O 12.h5 Be6 13.Rg1 f5 14.Ne2 fxe4 
15.fxe4 Bxe3+ 16.fxe3 Bc4 17.Re1 Rf6 18.b3 Ba6 19.c4 Re8 20.Nf4 Nc8 21.Bh3
Nb6 22.Rg5 Rxe4 23.Reg1 Re7 24.Ne6 g6 25.hxg6 Rxg6 26.Rxg6+ hxg6 27.Rxg6+ 
Kf7 28.Rh6 Bc8 29.Nd4 Kg7 30.Bxc8 Kxh6 31.Nf5+ Kg6 32.Nxe7+ Kf6 33.Nxc6 
Nxc8 34.Kc2 Ke6 35.Kc3 Kd7 36.Nb8+ Ke6 37.Nc6 Kd7 38.Nb8+ Ke6 39.Kb4 Ne7 
40.Kb5 Nf5 41.Kc6 Nxe3 42.Na6 Ke5 43.Nxc7 Kd4 44.Nb5+ Kd3 45.Nxd6 Kc3 46.
c5 Kb4 47.Nc4 Nc2 48.Kd6 Nd4 49.c6 a5 50.c7 Nb5+ 51.Kd7 Nxc7 52.Kxc7 a4 
53.Nd2 1-0